Revision of the genera Paraphlepsius Baker and Pendarus Ball : (Rhynchota, Homoptera, Cicadellidae) /

Bibliographic Details
Main Author: Hamilton, K. G. A.
Format: Book
Language:English
Published: Ottawa : Entomological Society of Canada, 1975.
Series:Memoirs of the Entomological Society of Canada ; no. 96.
Subjects:

MARC

Tag First Indicator Second Indicator Subfields
LEADER 00000cam a2200000 a 4500
001 in00000082821
005 20151008054234.0
008 760331s1975 oncab b 00110 eng d
035 |a (OCoLC)02081904 
035 |9 AAJ0061AM 
040 |a GSU  |c GSU  |d TXA  |d UtOrBLW 
049 |a TXAM  |c [1803944] 
090 |a QL461  |b .E57 no. 96 
090 |a QL525  |b .H3 
100 1 |a Hamilton, K. G. A. 
245 1 0 |a Revision of the genera Paraphlepsius Baker and Pendarus Ball :  |b (Rhynchota, Homoptera, Cicadellidae) /  |c K.G.A. Hamilton. 
264 1 |a Ottawa :  |b Entomological Society of Canada,  |c 1975. 
300 |a 129 pages :  |b illustrations,maps ;  |c 26 cm. 
336 |a text  |b txt  |2 rdacontent 
337 |a unmediated  |b n  |2 rdamedia 
338 |a volume  |b nc  |2 rdacarrier 
490 1 |a Memoirs of the Entomological Society of Canada ;  |v no. 96 
500 |a Includes index. 
504 |a Bibliography: pages 78-80. 
650 0 |a Homoptera. 
650 0 |a Cicadas. 
830 0 |a Memoirs of the Entomological Society of Canada ;  |v no. 96. 
999 |a MARS 
999 f f |s de9690cd-8bc9-3ff6-9fc7-0acfca6e24da  |i 4415a46b-29fe-3bd8-870a-b1212c02d25f  |t 0 
952 f f |p ric  |a Texas A&M University  |b Rellis Campus  |c Joint Library Facility  |d Remote Storage  |t 0  |e QL525 .H3  |h Library of Congress classification  |i unmediated -- volume  |m A14806220891 
998 f f |a QL525 .H3  |t 0  |l Remote Storage